000
00325nam a2200145Ia 4500
100
_a
Hattwick/ M.S.
650
_a
General
942
_c
BK
654
_a
advertising
245
_a
Psychology for better advertising
260
_b
International corresp.
_a
USA
_c
1967
082
_a
659.1
300
_a
177
546
_a
ENGLISH
999
_c
25099
_d
25099